Efecto de los centros comerciales en las condiciones del tráfico circundante
Bewaard in:
| Hoofdauteur: | |
|---|---|
| Formaat: | Boek |
| Gepubliceerd in: |
San José, Costa Rica
1993
|
| Onderwerpen: | |
| Tags: |
Voeg label toe
Geen labels, Wees de eerste die dit record labelt!
|
MARC
| LEADER | 00000nam a2200000Ia 4500 | ||
|---|---|---|---|
| 003 | 006068 | ||
| 005 | 20221231144316.0 | ||
| 008 | 140114s1993 cr a m 000 ||s d | ||
| 040 | |c cru CEDI | ||
| 090 | |a TFG 2748 | ||
| 100 | |a Sánchez Godínez, José Ramón |9 12091 | ||
| 245 | |a Efecto de los centros comerciales en las condiciones del tráfico circundante | ||
| 260 | |c 1993 |a San José, Costa Rica | ||
| 300 | |a ii, 280 hojas : ilustraciones ; 28 cm. | ||
| 500 | |a Proyecto de graduación (licenciatura en ingeniería civil)--Universidad de Costa Rica. Facultad de Ingeniería. Escuela de Ingeniería Civil | ||
| 650 | |x TRANSITO LOCAL - SAN JOSE (COSTA RICA) |x CENTROS COMERCIALES SUBURBANOS |9 12092 | ||
| 942 | |c TFG |2 ddc | ||
| 999 | |c 19939 |d 19939 | ||
